| 000 | 00606nam a2200169 a 4500 | ||
|---|---|---|---|
| 001 | 3114 | ||
| 003 | CDMR | ||
| 005 | 20130319182026.0 | ||
| 008 | 130130s1987||||||||||||||||||||||||||||d | ||
| 040 |
_aCDMR _bcat _cCDMR |
||
| 100 | 1 |
_aCalvo Hernando, Manuel _9316 |
|
| 245 | 1 | 0 |
_aPeriodistas para el III milenio _b: lección magistral leída en la apertura del curso 1987-88 en el Centro Universitario de Ciencias de la Información _cManuel Calvo Hernando |
| 260 |
_aValencia _c1987 _bFundación Universitaria San Pablo CEU |
||
| 300 |
_a22 p ; _c21 cm |
||
| 650 | 0 | 4 |
_aPeriodisme científic _92804 |
| 942 |
_cMON _2udc |
||
| 999 |
_c3114 _d3114 |
||